000 00496nam a2200181Ia 4500
005 20250326130031.0
008 250326s9999 xx 000 0 und d
037 _aTextbook
040 _aFMSL
_beng
_cFMSL
041 _aeng
_2eng
084 _aXob N3
_qFMSL
100 _aGreener M
_9738648
245 0 _aPenguin dicticonary of commerce
_cGreener M
260 _aNew Jersey
_bNew Jersey, Penguin Book
_c1973
300 _a350p
942 _cTB
_hXob N3
999 _c1280634
_d1280634